| 000 | 00579nam a2200193Ia 4500 | ||
|---|---|---|---|
| 008 | 140925s9999 xx 000 0 und d | ||
| 020 | _a1479-1846 | ||
| 245 |
_aJournal of financial services marketing / _h[electronic resource] |
||
| 260 |
_bPalgrave Macmillan, _cc2014. |
||
| 516 | _aElectronic text | ||
| 650 | _aFinancial. | ||
| 650 | _aJournal. | ||
| 650 | _aMarketing Management. | ||
| 650 | _aServices. | ||
| 830 | _aPalgrave Macmillan | ||
| 856 | _uhttp://www.palgrave-journals.com/fsm/journal/v18/n4/index.html | ||
| 942 | _cEJ | ||
| 999 |
_c275847 _d275847 |
||